| 000 | 02070nam0a22002891 4500 | ||
|---|---|---|---|
| 001 | rc\4330152 | ||
| 005 | 20260408071113.0 | ||
| 035 | _a(NLR Aleph) 008213485 | ||
| 090 |
_a8111215 _c8111215 |
||
| 100 | _a20130416g19681984|||y0rusy50 ca | ||
| 101 | 0 | _arus | |
| 102 | _aRU | ||
| 105 | _ay g ||||| | ||
| 200 | 1 |
_aСправочник Государственного фонда данных о состоянии окружающей природной среды _hч. 3 _iГидрология суши _hт. 1 _iРСФСР _hвып. 17 _iБассейн Колымы и рек Магаданской области _fГос. ком. СССР по гидрометеорологии и контролю природ. среды, Колым. террит. упр. по гидрометеорологии и контролю природ. среды, Гидрометеорол. центр |
|
| 210 |
_aМагадан _d1968-1984 |
||
| 300 | _aВ надзаг. также: Гос. ком. СССР по гидрометеорологии и контролю природ. среды | ||
| 545 | 1 | _aГидрология суши | |
| 710 | 0 | 2 |
_aГосударственный фонд данных о состоянии окружающей природной среды _cМосква _3RU\NLR\AUTH\887712 _9287616 |
| 711 | 0 | 1 |
_aСССР _bКомитет по гидрометеорологии и контролю природной среды _3RU\NLR\AUTH\8810048754 _9597587 |
| 712 | 0 | 2 |
_4650 _aКолымское территориальное управление по гидрометеорологии и контролю природной среды _3RU\NLR\AUTH\8810197187 _9283409 |
| 801 | 0 |
_aRU _bNLR _c20130416 _gpsbo |
|
| 801 | 1 |
_aRU _bELAR _c20130416 _2rusmarc |
|
| 801 | 2 |
_aRU _bNLR _c20140414 _2rusmarc |
|
| 830 | _aПеречень имеющихся в библиотеке томов, номеров, годов этого издания смотри в каталоге периодических изданий | ||
| 852 |
_aNLR _jП8/901 |
||
| 942 | _cBOOK | ||
| 980 | _aNB | ||